Ministry - Full Discography - Statistics

General Stats
  • This quiz has been taken 2 times
  • The average score is 9 of 51
Answer Stats
Hint Answer % Correct
1992 Psalm 69: The Way to Succeed and the Way to Suck Eggs
100%
1988 The Land of Rape and Honey
100%
2018 AmeriKKKant
50%
2003 Animositisomina
50%
Cover Up Cover Up
50%
1999 Dark Side of the Spoon
50%
1996 Filth Pig
50%
2004 Houses Of The Molé
50%
MiXXXes of the Mole MiXXXes of the Mole
50%
2012 Relapse
50%
2006 Rio Grande Blood
50%
2007 The Last Sucker
50%
1989 The Mind Is A Terrible Thing To Taste
50%
1986 Twitch
50%
1983 With Sympathy
50%
3 for One Box (2000) 3 for One Box
0%
2009 Adios... Puta Madres
0%
(2009) Adios... Puta Madres
0%
1993 Box
0%
2019 Chicago/Detroit 1982 (Live)
0%
2004 Early Trax
0%
2013 Enjoy The Quiet - Live At Wacken 2012
0%
2010 Every Day Is Halloween - Greatest Tricks
0%
Everyday (Is Halloween) - The Lost Mixes Everyday (Is Halloween) - The Lost Mixes
0%
2013 From Beer to Eternity
0%
2001 Greatest Fits
0%
2024 HOPIUMFORTHEMASSES
0%
In Case You Didn't Feel Like Showing Up (1990) In Case You Didn't Feel Like Showing Up
0%
1990 In Case You Didn’t Feel Like Showing Up (Live)
0%
Just Another Fix (1995) Just Another Fix
0%
2014 Last Tangle in Paris (Live 2012)
0%
2017 Live Necronomicon
0%
2021 Moral Hygiene
0%
Original Album Series (2011) Original Album Series
0%
2006 Rantology
0%
Rio Grande Dub Rio Grande Dub
0%
2004 Side Trax
0%
2002 Sphinctour
0%
Sphinctour (2002) Sphinctour
0%
Tapes of Wrath (2000) Tapes of Wrath
0%
The Last Dubber The Last Dubber
0%
2025 The Squirrely Years Revisited
0%
2015 Toronto 1986 (Live)
0%
2015 Trax! Box
0%
Trax Box! (2015) Trax Box!
0%
Trax! Rarities Trax! Rarities
0%
1987 Twelve Inch Singles (1981-1984)
0%
Twitched Twitched
0%
Ultimate Rarest Trax! 1981-1986 Ultimate Rarest Trax! 1981-1986
0%
Undercover Undercover
0%
Very Best of Fixes and Remixes Very Best of Fixes and Remixes
0%
No matching quizzes found
Score Distribution
Percent of People with Each Score
Percentile by Number Answered
Your Score History
You have not taken this quiz